Statistics for Minnesota Vikings Starting Quarterbacks of Super Bowl Era

Click here to take the quiz!

General Stats

  • This quiz has been taken 207 times
    (58 since last reset)
  • The average score is 15 of 41

Answer Stats

Answer% Correct
Kirk Cousins
96%
Fran Tarkenton
94%
Teddy Bridgewater
85%
Brett Favre
81%
Daunte Culpepper
81%
Joshua Dobbs
77%
Randall Cunningham
73%
Case Keenum
71%
Sam Bradford
67%
Christian Ponder
65%
Brad Johnson
58%
Nick Mullens
58%
Tarvaris Jackson
52%
Warren Moon
52%
Jaren Hall
50%
Tommy Kramer
50%
Donovan McNabb
40%
Joe Kapp
40%
Matt Cassel
33%
Jeff George
31%
Josh Freeman
27%
Rich Gannon
27%
Sean Mannion
27%
Wade Wilson
23%
Gus Frerotte
21%
Joe Webb
19%
Archie Manning
17%
Shaun Hill
17%
Jim McMahon
15%
Gary Cuozzo
13%
Steve Dils
13%
Bob Lee
10%
Bob Berry
8%
Spergon Wynn
8%
Brooks Bollinger
6%
Norm Snead
6%
Kelly Holcomb
4%
Sean Salisbury
4%
Todd Bouman
4%
Tony Adams
4%
Ron Vander Kelen
2%

Score Distribution

Percentile by Number Answered

Percent of People with Each Score

Your Score History

You have not taken this quiz since the last reset